Normal view
MARC view
- Tomasi Di Lampedusa, Giuseppe
Entry Personal Name
001 - CONTROL NUMBER
- control field: 108333
003 - CONTROL NUMBER IDENTIFIER
- control field: NUST
005 - DATE AND TIME OF LATEST TRANSACTION
- control field: 20230201101112.0
008 - FIXED-LENGTH DATA ELEMENTS
- fixed length control field: 230201|| aca||aabn | a|a d
040 ## - CATALOGING SOURCE
- Original cataloging agency: NUST
- Transcribing agency: NUST
100 ## - HEADING--PERSONAL NAME
- Personal name: Tomasi Di Lampedusa, Giuseppe
670 ## - SOURCE DATA FOUND
- Source citation: Work cat.: (NUST)190999: Tomasi Di Lampedusa, Giuseppe,, The leopard / , 1960
